01727nam a22003977a 4500003000500000005001700005008004100022010001000063011001000073035001100083040000900094090001000103100004500113245017400158260004000332500006000372502010400432590003700536590004100573590004100614590004100655590004100696590004100737590004200778650003500820650003600855650004900891650004900940650003500989856006401024901000701088942001001095949006201105999001701167952014501184CHAP20220329143323.0101026d2007 mx r 00010 spa d a94927 a95899 a106533 cCHAP aTesis1 aJerez Henríquez, Bárbara Paz.96138110aImpacto del plan Puebla Panamá en la región Istmo de Oaxaca :h[En línea]bla perspectiva de las organizaciones en resistenciacpor Bárbara Paz Jerez Henríquez aChapingo, Méx. :bEl autor,c2007 aPara ver el contenido del material haga clic en la liga aTesis (M.C. en Desarrollo Rural regional) -- UACH. Dirección de Centros Regionales Universitarios aALEPHb10c20130110lUCH01h1522 aBATCH-UPDb10c20130110lUCH01h0832 aBATCH-UPDb10c20130410lUCH01h0510 aBATCH-UPDb10c20130914lUCH01h1017 aBATCH-UPDb10c20140324lUCH01h1506 aBATCH-UPDb10c20141002lUCH01h0836 aCONVERSIONb10c20130109lUCH01h135204aComercio internacional.92564104aProyectos de desarrollo.99252804aRecursos naturalesxAdministración.99517504aRecursos naturalesxAmérica Latina.99518904aTehuantepec, Istmo de.9111998 3Finding aiduhttp://10.13.5.2/tesis/106533.pdfzTeclea aqui aBK cTESIS bBCcTESd33724002136496eTS1gDonaciØnh51296i106533sb c94927d94927 00102local4051708TESISaBCbBCcPA_TESISd2019-12-31eDonacionfTESISl0oTesisp33724002136496r2019-12-31 00:00:00w2019-12-31yTESIS